000 00651nam a22002057a 4500
005 20210304055613.0
008 210304s2016 ||||| |||| 00| 0 geo d
022 _a19876408
040 _aeng
_cDLC
041 _ageo
082 _a070
_bO-39
110 _91233
_aსაქართველო OK
245 _aსაქართველო OK / First for Celebrity News/ 2016, სექტემბერი / 2016 September
_b/ by: საქართველო OK
260 _bსაქართველო OK
_c2016
300 _a131 p.
_bill.
365 _b2 gel
650 0 _91229
_aPress
653 _aპრესა
942 _2udc
_cMP
999 _c1892
_d1892